书目信息 |
| 题名: |
美在自由
|
|
| 作者: | 张世英 著 | |
| 分册: | ||
| 出版信息: | 北京 人民出版社 2012 |
|
| 页数: | 379页 | |
| 开本: | 24cm | |
| 丛书名: | 欧洲文化丛书 | |
| 单 册: | ||
| 中图分类: | B83-03 | |
| 科图分类: | ||
| 主题词: | 比较美学--研究--中国--欧洲 , 比较美学 | |
| 电子资源: | ||
| ISBN: | 978-7-01-011067-7 | |
| 000 | 01295nam0 2200289 450 | |
| 001 | 523 | |
| 005 | 20140905090116.56 | |
| 010 | @a978-7-01-011067-7@dCNY49.00 | |
| 100 | @a20121105d2012 em y0chiy50 ea | |
| 101 | 0 | @achi |
| 102 | @aCN@b110000 | |
| 105 | @ay z 000yy | |
| 106 | @ar | |
| 200 | 1 | @a美在自由@AMei Zai Zi You@e中欧美学思想比较研究@EZhong Ou Mei Xue Si Xiang Bi Jiao Yan Jiu@dBeauty as liberty@ecomparative studies in Sino-European aesthetics@f张世英著@FZhang Shi Ying Zhu@zeng |
| 210 | @a北京@c人民出版社@d2012 | |
| 215 | @a379页@d24cm | |
| 225 | 2 | @a欧洲文化丛书 |
| 330 | @a本书从审美意识的哲学基础、审美与语言、美与真善、欧洲审美意识与人的主体性、美与人生境界五个维度对中欧美学思想进行了较为深入的比较研究。还论述了中国美学思想中建立在“天人合一”基础上的“意象说”,认为欧洲人应吸收中国此种美学思想的优点,从中学习如何体悟和玩味彼此融通的意境和神韵。 | |
| 461 | 0 | @12001 @a欧洲文化丛书 |
| 510 | 1 | @aBeauty as liberty@ecomparative studies in Sino-European aesthetics@zeng |
| 517 | 1 | @a中欧美学思想比较研究@AZhong Ou Mei Xue Si Xiang Bi Jiao Yan Jiu |
| 606 | 0 | @a比较美学@x研究@y中国@y欧洲 |
| 606 | 0 | @a比较美学 |
| 690 | @aB83-03@v5 | |
| 701 | 0 | @a张世英@AZhang Shi Ying@f(1921~)@4著 |
| 801 | 0 | @aCN@bTANGWEI@c20140603 |
| 905 | @b0840800-02@dB83-03@e285@f3 | |
| 美在自由:中欧美学思想比较研究=Beauty as liberty:comparative studies in Sino-European aesthetics/张世英著.-北京:人民出版社,2012 |
| 379页;24cm.-(欧洲文化丛书) |
| ISBN 978-7-01-011067-7:CNY49.00 |
| 本书从审美意识的哲学基础、审美与语言、美与真善、欧洲审美意识与人的主体性、美与人生境界五个维度对中欧美学思想进行了较为深入的比较研究。还论述了中国美学思想中建立在“天人合一”基础上的“意象说”,认为欧洲人应吸收中国此种美学思想的优点,从中学习如何体悟和玩味彼此融通的意境和神韵。 |
| ● |
| 相关链接 |
|
|
|
|
正题名:美在自由
索取号:B83-03/285
 
预约/预借
| 序号 | 登录号 | 条形码 | 馆藏地/架位号 | 状态 | 备注 |
| 1 | 0840800 | 208408007 | 第一样本阅览室/ [索取号:B83-03/285] | 在馆 | |
| 2 | 0840801 | 208408016 | 第一借阅区/ [索取号:B83-03/285] | 在馆 | |
| 3 | 0840802 | 208408025 | 第一借阅区/ [索取号:B83-03/285] | 在馆 |